Catálogo

ANTOLOGIA DE MATEMATICAS (Registro nro. 22122)

Detalles MARC
000 -LEADER
fixed length control field 00371nam a2200145 a 4500
001 - CONTROL NUMBER
control field 22122
005 - DATE AND TIME OF LATEST TRANSACTION
control field 20180713215957.0
008 - FIXED-LENGTH DATA ELEMENTS--GENERAL INFORMATION
fixed length control field 140415s1971 mx 000 0 spa d
041 ## - LANGUAGE CODE
Language code of text/sound track or separate title spa
082 ## - DEWEY DECIMAL CLASSIFICATION NUMBER
Classification number 510
Item number ANT
245 00 - TITLE STATEMENT
Title ANTOLOGIA DE MATEMATICAS
260 ## - PUBLICATION, DISTRIBUTION, ETC.
Place of publication, distribution, etc. MEXICO :
Name of publisher, distributor, etc. UNAM,
Date of publication, distribution, etc. 1971
490 ## - SERIES STATEMENT
Series statement LECTURAS UNIVERSITARIAS
Volume/sequential designation 8
650 14 - SUBJECT ADDED ENTRY--TOPICAL TERM
Topical term or geographic name entry element MATEMATICAS
Existencias
Withdrawn status Lost status Source of classification or shelving scheme Damaged status Not for loan Collection code Home library Current library Shelving location Date acquired Source of acquisition Inventory number Total Checkouts Full call number Barcode Date last seen Price effective from Koha item type
    Dewey Decimal Classification     General Biblioteca Karol Wojtyla Biblioteca Karol Wojtyla Sala general 03/12/2013 Compra 151000000000000000042515   510 ANT 42571 05/01/2026 03/12/2013 Libro